00437ngm a2200145 i 4500001001100000003000500011005001700016008004100033040002500074245004700099264007600146336002100222337002500243338002300268C2-0302121PPAK20180727220232.0100111s1994 xxu|||| ||||| | vleng d aPPAKbengcPPAKerda00aBenjamin Franklin : bcitizen of the world 1aUnited States : bHearst/ABC/NBC Arts & Entertainment Networks , c1994 2rdacontentatext 2rdamediaaunmediated 2rdacarrieravolume